000
00317nam a2200121Ia 4500
005
20251222144748.0
008
251222s9999||||xx |||||||||||||| ||spa||
082
_a
658.022/P45
100
_a
Pérez Figueroa, E.H.
245
0
_a
Organización y Administración de la Pequeña Empresa
264
_b
Carpes
942
_c
LIB
999
_c
19236
_d
19236